00972nam a22003017a 45000010005000000030009000050050017000140070005000310080048000360200015000840400022000990920019001211000017001402400030001572450118001872500011003052600043003163000027003594900018003867000030004047000026004348300018004609420012004789450029004909520104005199560032006239990015006550074DO-SdBNP20180119091411.00074151021b sp 1979 xxu||||| |||| 00| 0 spa d a8426110444 aBPMSUbspacBPMSU axxxxxxbxxxxxx10aBlyton, Enid10aFive go to demon´s rocks14aLos cinco en las rocas del diablo /cEnid Blyton ; traducción Antonio de Quadras ; ilustración José Correas a7a ed. aBarcelona, España :bJuventud,c1979 a154 p. :bil.,c20 cm.10aLos cincov4310aQuadras, Antonio de,etr.10aCorreas, José,eil.00aLos cincon43 2ddccBK aInventariado, 2018 / YL 00102ddc4070aBPMETbBPMETd2015-10-21eDonaciónl0pBPMSU15100139r2015-10-21w2015-10-21yBK aBrenda Tavárezb10cBPMSU c8413d8413